MARC details
| 000 -CABECERA |
| campo de control de longitud fija |
01840nam a22003374i 4500 |
| 001 - NÚMERO DE CONTROL |
| campo de control |
991061736892506706 |
| 003 - IDENTIFICADOR DEL NÚMERO DE CONTROL |
| campo de control |
ES-BaIT |
| 005 - FECHA Y HORA DE LA ÚLTIMA TRANSACCIÓN |
| campo de control |
20260323122901.0 |
| 008 - DATOS DE LONGITUD FIJA--INFORMACIÓN GENERAL |
| campo de control de longitud fija |
260323e202211 sp 000 d spa c |
| 017 ## - NÚMERO DE COPYRIGHT O DE DEPÓSITO LEGAL |
| Número de copyright o de depósito legal |
BA 597-2022 |
| Agencia que asigna |
Oficina DL Badajoz |
| 020 ## - NÚMERO INTERNACIONAL ESTÁNDAR DEL LIBRO |
| Número Internacional Estándar del Libro |
9788412585421 |
| 020 ## - NÚMERO INTERNACIONAL ESTÁNDAR DEL LIBRO |
| Número Internacional Estándar del Libro |
8412585429 |
| 040 ## - FUENTE DE LA CATALOGACIÓN |
| Centro catalogador/agencia de origen |
ES-BaIT |
| Lengua de catalogación |
cat |
| Normas de descripción |
rda |
| Centro/agencia transcriptor |
ES-BaIT |
| 080 ## - NÚMERO DE LA CLASIFICACIÓN DECIMAL UNIVERSAL |
| Número de la Clasificación Decimal Universal |
860-2"19" |
| 100 1# - ENTRADA PRINCIPAL--NOMBRE DE PERSONA |
| Nombre de persona |
Martín, Claudio |
| Término indicativo de función/relación |
autor |
| 9 (RLIN) |
169103 |
| 245 10 - MENCIÓN DE TÍTULO |
| Título |
Sertorio / |
| Mención de responsabilidad, etc. |
Claudio Martín |
| 250 ## - MENCIÓN DE EDICIÓN |
| Mención de edición |
Primera edición |
| 264 #1 - PRODUCCIÓN, PUBLICACIÓN, DISTRIBUCIÓN, FABRICACIÓN Y COPYRIGHT |
| Producción, publicación, distribución, fabricación y copyright |
[Badajoz] |
| Nombre del de productor, editor, distribuidor, fabricante |
Stela Literaria A.C., |
| Fecha de producción, publicación, distribución, fabricación o copyright |
noviembre, 2022 |
| 300 ## - DESCRIPCIÓN FÍSICA |
| Extensión |
71 pàgines |
| Dimensiones |
21 cm |
| 336 ## - TIPO DE CONTENIDO |
| Término de tipo de contenido |
text |
| Código de tipo de contenido |
txt |
| Fuente |
rdacontent |
| 337 ## - TIPO DE MEDIO |
| Nombre/término del tipo de medio |
sense mediació |
| Código del tipo de medio |
n |
| Fuente |
rdamedia |
| 338 ## - TIPO DE SOPORTE |
| Nombre/término del tipo de soporte |
volum |
| Código del tipo de soporte |
nc |
| Fuente |
rdacarrier |
| 500 ## - NOTA GENERAL |
| Nota general |
Reimpressions: 2024 |
| 500 ## - NOTA GENERAL |
| Nota general |
P8: H8 i altres |
| 504 ## - NOTA DE BIBLIOGRAFÍA, ETC. |
| Nota de bibliografía, etc. |
Bibliografia: pàgina 71 |
| 520 ## - SUMARIO, ETC. |
| Sumario, etc. |
El siglo I a.C. fue, sin duda, una de las centurias más apasionante y convulsas de la historia. Una serie de personajes y hechos imprescindibles surgen para modelar la nueva Roma, que abandona definitivamente las formas republicanas para asumir su carácter imperial. En este contexto aparece Quinto Sertorio, el incómodo general sabino. Exiliado en Hispania, aliado con los nativos, pone a prueba, durante ocho años, a todo el enorme potencial bélico de las legiones romanas. Sólo la traición, al igual que con Viriato, acabó con su vida.Sertorio hizo renacer el sentimiento nacionalista que el héroe lusitano apagó con su muerte. Hispania quiso ver en éste general rebelde, odiado por Sila y perseguido por Roma, a su liberador, al personaje indispensable que, de alguna manera, había conseguido unirlos, y que poseía fundamentos para desatarlos del yugo imperialista. |
| 600 10 - PUNTO DE ACCESO ADICIONAL DE MATERIA--NOMBRE DE PERSONA |
| Nombre de persona |
Sertorio |
| Subdivisión de forma |
Textos dramàtics |
| 9 (RLIN) |
169104 |
| 908 ## - COLOCAR PARÁMETRO DE COMANDO (RLIN) |
| Colocar parámetro de comando |
CDMAE |
| 940 ## - EQUIVALENCIA O REFERENCIA-CRUZADA--TÍTULO UNIFORME [OBSOLETO] [solamente CAN/MARC] |
| Título uniforme |
<a href="CDMAE">CDMAE</a> |
| 942 ## - ELEMENTOS DE ENTRADA AGREGADA (KOHA) |
| Fuente del sistema de clasificación o colocación |
Clasificación decimal universal |
| Tipo de ítem Koha |
Llibre |